Normal view
MARC view
- Dahrendorf, Ralf
Entry Personal Name
001 - CONTROL NUMBER
- control field: 2864
003 - CONTROL NUMBER IDENTIFIER
- control field: OSt
005 - DATE AND TIME OF LATEST TRANSACTION
- control field: 20170509152332.0
008 - FIXED-LENGTH DATA ELEMENTS
- fixed length control field: 170509|| aca||aabn | a|a d
040 ## - CATALOGING SOURCE
- Original cataloging agency: OSt
- Transcribing agency: OSt
100 ## - HEADING--PERSONAL NAME
- Personal name: Dahrendorf, Ralf
- Dates associated with a name: 1929-2009.
670 ## - SOURCE DATA FOUND
- Source citation: Work cat.: (OSt): Dahrendorf, Ralf 1929-2009., Essays in the Theory of Society. /, 1970.

PORTAL AKMAL
E-MEL JKDM
AKMAL2U
G-BAM
u-PUSTAKA